| 000 | 00757cab a2200253 4500 | ||
|---|---|---|---|
| 001 | WB3534-30 | ||
| 008 | 090401t1999 xxu||||| |||| 00| 0 eng d | ||
| 035 | _a(Sirsi) u162 | ||
| 041 | _aeng | ||
| 245 | _aModernisation of conveyancing process | ||
| 260 | _c1999 | ||
| 350 | _a0 | ||
| 490 |
_aMunicipal Journal _v25 August 1999, 5(1) |
||
| 650 | _aCONVEYANCING | ||
| 650 | _aPROPERTY-RESIDENTIAL PROPERTY-ACQUISITION AND DISPOSAL OF RESIDENTIAL PROPERTY | ||
| 650 | _aIMPROVEMENT AND DEVELOPMENT AGENCY | ||
| 650 | _aLOCAL GOVERNMENT INFORMATION HOUSE | ||
| 650 | _aNATIONAL LAND INFORMATION SERVICE | ||
| 650 | _aPROPERTY INTELLIGENCE | ||
| 650 | _aPROPERTY SEARCHES | ||
| 690 | _aPROPERTY LAW AND PRACTICE | ||
| 942 | _n0 | ||
| 948 | _c02/09/1999 | ||
| 999 |
_c65 _d65 |
||